[Event "4NCL Online Division 3"]
[Site "online"]
[Date "2020.11.03"]
[Round "6.92"]
[White "Burke, Steven J"]
[Black "Hortin, Matthew J"]
[Result "1/2-1/2"]
[WhiteElo "1922"]
[BlackElo "1930"]
[PlyCount "97"]
[EventDate "2020.11.03"]
[WhiteTeam "Ashfield Anonymous B"]
[BlackTeam "Mushrooms 2"]

1. e4 c5 2. d4 cxd4 3. c3 Nf6 4. e5 Nd5 5. cxd4 e6 6. a3 Be7 7. Nf3 b6 8. Bd3
Ba6 9. O-O O-O 10. Re1 Bxd3 11. Qxd3 Nc6 12. Bd2 Rc8 13. Nc3 Nxc3 14. Bxc3 d5
15. Re3 Na5 16. Bxa5 bxa5 17. Rae1 Qb6 18. R1e2 Rc1+ 19. Ne1 Rfc8 20. Rh3 h6
21. Kf1 R8c4 22. Rd2 Bg5 23. Re3 Bxe3 24. fxe3 Qd8 25. g3 Qg5 26. Kf2 Qf5+ 27.
Qxf5 exf5 28. Ke2 Kf8 29. h4 Ke7 30. Rd3 a4 31. Rd2 g5 32. hxg5 hxg5 33. Nf3 g4
34. Ne1 f6 35. exf6+ Kxf6 36. Nd3 Rh1 37. Nf4 Rh2+ 38. Kd3 Rxd2+ 39. Kxd2 Rc8
40. Nxd5+ Ke6 41. Nf4+ Kd6 42. Ne2 Rb8 43. Kc2 Rb3 44. Nc3 a6 45. Kc1 Ke6 46.
Kc2 Kd6 47. Kc1 Ke6 48. Kc2 Kd6 49. Kc1 1/2-1/2

[Event "4NCL Online Division 3"]
[Site "online"]
[Date "2020.11.03"]
[Round "6.93"]
[White "Nash, Richard J"]
[Black "Combie, Alex B"]
[Result "0-1"]
[WhiteElo "1915"]
[BlackElo "1885"]
[PlyCount "138"]
[EventDate "2020.11.03"]
[WhiteTeam "Mushrooms 2"]
[BlackTeam "Ashfield Anonymous B"]

1. d4 d5 2. c4 c6 3. Nf3 Nf6 4. Nc3 dxc4 5. a4 Bf5 6. Ne5 Nbd7 7. Nxc4 Nb6 8.
Ne5 a5 9. Bg5 e6 10. e4 Bg6 11. Nxg6 fxg6 12. e5 h6 13. Qd3 Kf7 14. Bh4 g5 15.
Bg3 Nfd5 16. Be2 Bb4 17. O-O Rf8 18. Bh5+ Kg8 19. Ne4 Be7 20. Bg4 Qd7 21. Qb3
Bb4 22. Rac1 Qf7 23. Bf3 Qg6 24. Qc2 Ne7 25. Be2 Nf5 26. Rfd1 Rad8 27. f3 Nxd4
28. Rxd4 Rxd4 29. Bd3 Qf7 30. Bf2 Rxd3 31. Qxd3 Nd5 32. Qc4 Qf4 33. Bd4 Bd2 34.
Nxd2 Qxd2 35. Bc5 Ne3 36. Bxe3 Qxe3+ 37. Kf1 Qxe5 38. Re1 Qd5 39. Qxd5 exd5 40.
Re7 Rf7 41. Re8+ Kh7 42. Ke2 Rf4 43. Rb8 Rb4 44. Kd3 Rxb2 45. g4 Rb4 46. Kc3
Kg6 47. h3 Rxa4 48. Rxb7 Ra3+ 49. Kd4 Rxf3 50. Rc7 Rxh3 51. Rxc6+ Kh7 52. Kxd5
Rf3 53. Ra6 Rf4 54. Rxa5 Rxg4 55. Ke5 Rf4 56. Ra7 h5 57. Ra1 h4 58. Rh1 Kh6 59.
Ke6 Kh5 60. Ke5 Rf2 61. Ke4 g4 62. Ke3 g3 63. Rg1 Kg4 64. Ra1 Rf3+ 65. Ke2 g2
66. Rg1 Kg3 67. Ra1 g5 68. Ra5 g4 69. Ra1 h3 0-1

[Event "4NCL Online Division 3"]
[Site "online"]
[Date "2020.11.03"]
[Round "6.94"]
[White "Sudar, Dragoljub"]
[Black "Joslin, Tim"]
[Result "1-0"]
[WhiteElo "1915"]
[BlackElo "1810"]
[PlyCount "87"]
[EventDate "2020.11.03"]
[WhiteTeam "Ashfield Anonymous B"]
[BlackTeam "Mushrooms 2"]

1. e4 d5 2. exd5 Nf6 3. Nf3 Bg4 4. Be2 Qxd5 5. Nc3 Qd7 6. O-O Nc6 7. d3 e6 8.
Be3 Be7 9. a3 O-O 10. Ng5 Bxe2 11. Qxe2 Nd4 12. Bxd4 Qxd4 13. Nf3 Qg4 14. h3
Qh5 15. Rae1 Bd6 16. Ne5 Qxe2 17. Rxe2 c6 18. g4 Rad8 19. Nc4 Bc7 20. Kg2 Nd5
21. Nxd5 cxd5 22. Ne5 f6 23. Nf3 e5 24. c3 Rde8 25. Nd2 g6 26. f3 f5 27. Rfe1
Re6 28. Nb3 b6 29. Nd4 Ref6 30. g5 R6f7 31. Ne6 Re8 32. Nxc7 Rxc7 33. Rxe5 Rxe5
34. Rxe5 Rd7 35. f4 Kf7 36. Kf3 b5 37. Ke3 a5 38. Kd4 b4 39. axb4 axb4 40. Rxd5
Rb7 41. c4 Ra7 42. Rb5 Rd7+ 43. Ke3 Re7+ 44. Kd2 1-0

[Event "4NCL Online Division 3"]
[Site "online"]
[Date "2020.11.03"]
[Round "6.101"]
[White "Chaplin, Peter E"]
[Black "Dinter, Brian"]
[Result "0-1"]
[WhiteElo "2020"]
[BlackElo "2207"]
[PlyCount "70"]
[EventDate "2020.11.03"]
[WhiteTeam "Clevedon"]
[BlackTeam "Stroud Youngies"]

1. b3 d5 2. Bb2 Nf6 3. Nf3 e6 4. e3 Be7 5. d4 O-O 6. Nbd2 b6 7. Ne5 Bb7 8. Bd3
Nbd7 9. O-O Nxe5 10. dxe5 Nd7 11. Qg4 Nc5 12. Be2 a5 13. Rad1 f5 14. exf6 Bxf6
15. Ba3 Qe8 16. e4 Be7 17. Bb2 Qf7 18. exd5 exd5 19. Be5 Bf6 20. Bxf6 Qxf6 21.
Nf3 Ne4 22. Bd3 Rae8 23. Nd2 Nc3 24. Ra1 c5 25. Nf3 b5 26. Rae1 Rxe1 27. Rxe1
Bc8 28. Qg3 c4 29. Bf1 Nxa2 30. Qc7 Bg4 31. Re3 d4 32. Re7 Bxf3 33. gxf3 Nb4
34. bxc4 Nc6 35. Rd7 Ne5 0-1

[Event "4NCL Online Division 3"]
[Site "online"]
[Date "2020.11.03"]
[Round "6.102"]
[White "Dicks, Duncan"]
[Black "Peters, David"]
[Result "1-0"]
[WhiteElo "2125"]
[BlackElo "1795"]
[PlyCount "57"]
[EventDate "2020.11.03"]
[WhiteTeam "Stroud Youngies"]
[BlackTeam "Clevedon"]

1. e4 c5 2. Nc3 Nc6 3. f4 d6 4. Nf3 g6 5. Bc4 e6 6. O-O Nge7 7. Qe1 Bg7 8. d3
O-O 9. f5 Na5 10. fxg6 fxg6 11. Bg5 h6 12. Qh4 Rxf3 13. Bxe7 Rxf1+ 14. Rxf1 Qd7
15. Bb5 Qc7 16. Bd8 Bd4+ 17. Kh1 Qg7 18. Be8 g5 19. Qh5 Nc6 20. Rf7 Nxd8 21.
Rxg7+ Kxg7 22. Ne2 Kf8 23. Nxd4 cxd4 24. h3 Ke7 25. Bg6 e5 26. Qxh6 Ne6 27.
Qh7+ Kd8 28. Bf5 Rb8 29. Qg8+ 1-0

[Event "4NCL Online Division 3"]
[Site "online"]
[Date "2020.11.03"]
[Round "6.103"]
[White "Bellingham, Andy"]
[Black "Southcott-Moyers, Indy"]
[Result "1/2-1/2"]
[WhiteElo "1810"]
[BlackElo "1667"]
[PlyCount "117"]
[EventDate "2020.11.03"]
[WhiteTeam "Clevedon"]
[BlackTeam "Stroud Youngies"]

1. e4 c6 2. d4 d5 3. e5 c5 4. c3 Nc6 5. Nf3 Bg4 6. Be2 e6 7. h3 Bxf3 8. Bxf3
Nge7 9. Be3 Nf5 10. O-O Be7 11. Bg4 Nxe3 12. fxe3 O-O 13. Nd2 Bg5 14. Qe1 Qe7
15. Nf3 Bh6 16. Qf2 f5 17. exf6 Rxf6 18. Qe2 Raf8 19. Nd2 Rxf1+ 20. Rxf1 Rxf1+
21. Nxf1 e5 22. Ng3 exd4 23. Nf5 Bxe3+ 24. Nxe3 Qxe3+ 25. Qxe3 dxe3 26. Be6+
Kf8 27. Bxd5 Ne5 28. Bxb7 Nd3 29. Kf1 Nxb2 30. Ke2 Na4 31. Kxe3 Nxc3 32. a3 Nb5
33. a4 Nd6 34. Bc6 Ke7 35. Kd3 Ke6 36. g4 Ke5 37. h4 h6 38. h5 Kf4 39. Bd7 Nf7
40. Be6 Ne5+ 41. Kc3 Ke4 42. Bf5+ Kd5 43. Bc8 a5 44. Bf5 c4 45. Bc8 Kc5 46. Be6
Kd6 47. Bxc4 Nxg4 48. Kd4 Nf6 49. Be2 Kc6 50. Ke5 Kc5 51. Kf5 Kb4 52. Bd1 Nxh5
53. Bxh5 Kxa4 54. Kg6 Kb3 55. Kxg7 a4 56. Kxh6 a3 57. Bf7+ Kb2 58. Kg5 a2 59.
Bxa2 1/2-1/2

[Event "4NCL Online Division 3"]
[Site "online"]
[Date "2020.11.03"]
[Round "6.104"]
[White "Carey, Alex"]
[Black "Iles, Stuart P"]
[Result "1-0"]
[WhiteElo "1630"]
[BlackElo "1802"]
[PlyCount "63"]
[EventDate "2020.11.03"]
[WhiteTeam "Stroud Youngies"]
[BlackTeam "Clevedon"]

1. e4 Nc6 2. d4 d5 3. e5 f6 4. f4 Bf5 5. c3 e6 6. Nf3 Nh6 7. Be2 Be7 8. O-O O-O
9. Nbd2 Qe8 10. Ne1 Bg6 11. Nb3 Nd8 12. Nd3 b6 13. exf6 Bxf6 14. Ne5 Bxe5 15.
fxe5 Nf5 16. Bd3 Nf7 17. Qe2 Qe7 18. Bd2 c5 19. Bb1 cxd4 20. Nxd4 Nxd4 21. cxd4
Bxb1 22. Raxb1 Rac8 23. a3 Rc2 24. Qd3 Rfc8 25. Bc3 R2xc3 26. bxc3 Qxa3 27. Ra1
Qe7 28. Qa6 Ra8 29. Rf2 Ng5 30. Raf1 Qc7 31. Qa3 Qc8 32. Rf8+ 1-0

[Event "4NCL Online Division 3"]
[Site "online"]
[Date "2020.11.03"]
[Round "6.111"]
[White "Khoury, Theo"]
[Black "Mitchell, Jeremy J"]
[Result "1-0"]
[WhiteElo "1832"]
[BlackElo "1872"]
[PlyCount "115"]
[EventDate "2020.11.03"]
[WhiteTeam "CSC 4"]
[BlackTeam "Alba Bon Accord 2"]

1. e4 c6 2. Nc3 d5 3. Nf3 Bg4 4. h3 Bh5 5. Be2 e6 6. O-O Nd7 7. d4 dxe4 8. Nxe4
Ngf6 9. Nxf6+ Nxf6 10. Bg5 Be7 11. c4 O-O 12. Rc1 Qb6 13. Rb1 Rfd8 14. Be3 Qc7
15. Qb3 Rac8 16. Rfd1 b6 17. Rbc1 Qb7 18. Bf4 Rd7 19. Qe3 Rdd8 20. Ne5 Bxe2 21.
Qxe2 c5 22. dxc5 Bxc5 23. Nd3 Be7 24. b4 h6 25. a4 Rd4 26. c5 bxc5 27. bxc5
Rxa4 28. Be3 Nd5 29. Qf3 Qc7 30. Nb2 Ra6 31. Bd4 Rc6 32. Nd3 Bf6 33. Bxf6 Nxf6
34. Nb4 Rxc5 35. Na6 Qb6 36. Nxc5 Rxc5 37. Rxc5 Qxc5 38. Qa8+ Kh7 39. Ra1 Nd5
40. Qxa7 Qxa7 41. Rxa7 Kg6 42. Kh2 Kf6 43. Kg3 h5 44. f4 g6 45. Kf3 Nc3 46. Rc7
Nd5 47. Rc4 Ne7 48. Ke4 Nf5 49. Rc7 Ng3+ 50. Kf3 Nf5 51. g4 hxg4+ 52. hxg4 Nd6
53. Rc6 Nb5 54. Ke3 Na7 55. Rc5 Kg7 56. Kd4 Kf8 57. Kc4 Ke8 58. Rc7 1-0

[Event "4NCL Online Division 3"]
[Site "online"]
[Date "2020.11.03"]
[Round "6.112"]
[White "Jennings, Richard"]
[Black "Cooke, Charlie"]
[Result "1-0"]
[WhiteElo "1872"]
[BlackElo "1771"]
[PlyCount "69"]
[EventDate "2020.11.03"]
[WhiteTeam "Alba Bon Accord 2"]
[BlackTeam "CSC 4"]

1. d4 d5 2. c4 e6 3. Nc3 Nf6 4. Bg5 Be7 5. e3 O-O 6. Bd3 c6 7. Nge2 Nbd7 8. O-O
b6 9. Rc1 Bb7 10. f3 dxc4 11. Bxc4 c5 12. a4 cxd4 13. exd4 Nd5 14. Bxd5 Bxd5
15. Bxe7 Qxe7 16. Nxd5 exd5 17. Nc3 Nf6 18. Re1 Qd7 19. Qd3 Rac8 20. Re5 Rfe8
21. Rce1 Re6 22. Kf2 g6 23. g4 Rd8 24. Qb5 Rxe5 25. Rxe5 h6 26. Qxd7 Rxd7 27.
h4 Kf8 28. g5 hxg5 29. hxg5 Ne8 30. Rxd5 Ke7 31. Ke3 Rc7 32. a5 bxa5 33. Rxa5
Rb7 34. Rb5 Rc7 35. Nd5+ 1-0

[Event "4NCL Online Division 3"]
[Site "online"]
[Date "2020.11.03"]
[Round "6.113"]
[White "Lawson, David"]
[Black "Roy, Ali"]
[Result "1/2-1/2"]
[WhiteElo "1765"]
[BlackElo "1878"]
[PlyCount "96"]
[EventDate "2020.11.03"]
[WhiteTeam "CSC 4"]
[BlackTeam "Alba Bon Accord 2"]

1. d4 d5 2. c4 c6 3. Nf3 Nf6 4. Nc3 Nbd7 5. Bf4 e6 6. e3 Be7 7. Bd3 O-O 8. O-O
dxc4 9. Bxc4 b5 10. Bd3 Bb7 11. Rc1 a6 12. Ne4 Nxe4 13. Bxe4 Rc8 14. Ne5 Nxe5
15. Bxe5 Bd6 16. Bxd6 Qxd6 17. Rc5 Rfe8 18. Qc2 f5 19. Bf3 e5 20. Rxe5 Rxe5 21.
dxe5 Qxe5 22. Rc1 Rd8 23. b4 f4 24. exf4 Qxf4 25. Qc3 Rd2 26. g3 Qd4 27. Qxd4
Rxd4 28. Bxc6 Bxc6 29. Rxc6 Rxb4 30. Rxa6 Kf7 31. Kg2 g5 32. Kf3 g4+ 33. Ke3
Rb2 34. Rb6 b4 35. Ra6 h5 36. Rh6 Rxa2 37. Rxh5 Ra3+ 38. Kd4 Rf3 39. Kc4 b3 40.
Rb5 Rxf2 41. Kxb3 Rxh2 42. Rg5 Kf6 43. Rxg4 Kf5 44. Rg8 Rg2 45. Kc3 Ke4 46. Rg7
Kf3 47. Kd3 Rxg3 48. Rxg3+ Kxg3 1/2-1/2

[Event "4NCL Online Division 3"]
[Site "online"]
[Date "2020.11.03"]
[Round "6.114"]
[White "Brennan, J Ross"]
[Black "Usher, Michael E"]
[Result "1/2-1/2"]
[WhiteElo "1634"]
[BlackElo "1677"]
[PlyCount "102"]
[EventDate "2020.11.03"]
[WhiteTeam "Alba Bon Accord 2"]
[BlackTeam "CSC 4"]

1. d4 e6 2. Nf3 f5 3. g3 Nf6 4. Bg2 d5 5. O-O Bd6 6. Nbd2 O-O 7. c4 c6 8. e3
Qe7 9. b3 b6 10. Bb2 Bb7 11. Rc1 Nbd7 12. Rc2 Ne4 13. Qe2 Rac8 14. Rfc1 Qf6 15.
cxd5 exd5 16. Nb1 Rce8 17. Qd1 Qh6 18. Ba3 Bxa3 19. Nxa3 Nef6 20. Nb1 g5 21.
Nbd2 Ne4 22. Nf1 f4 23. exf4 gxf4 24. Nh4 Ndf6 25. b4 fxg3 26. hxg3 b5 27. Rb1
Rf7 28. Rb3 Kh8 29. Nf5 Qg5 30. N5e3 Rc7 31. Rbb2 Bc8 32. Qf3 Rg8 33. Rb1 Bd7
34. Rbc1 Rcc8 35. Qe2 Rcf8 36. Qd1 h5 37. Qe2 Rg7 38. Qd1 h4 39. Qe1 hxg3 40.
fxg3 Rfg8 41. Re2 Nxg3 42. Nxg3 Qxg3 43. Rcc2 Ne4 44. Qxg3 Rxg3 45. Kh2 R3g6
46. Kg1 R8g7 47. Kh2 Rh6+ 48. Kg1 Rhg6 49. Kh2 Rh6+ 50. Kg1 Rf6 51. Kh2 Rh6+
1/2-1/2

[Event "4NCL Online Division 3"]
[Site "online"]
[Date "2020.11.03"]
[Round "6.121"]
[White "Murphy, Sean J"]
[Black "Vidruska, Renate"]
[Result "0-1"]
[WhiteElo "1990"]
[BlackElo "1998"]
[PlyCount "174"]
[EventDate "2020.11.03"]
[WhiteTeam "Cork"]
[BlackTeam "Catford Cosmonauts 2"]

1. d4 Nf6 2. c4 e6 3. Nf3 b6 4. a3 Bb7 5. Nc3 d5 6. cxd5 Nxd5 7. e4 Nxc3 8.
bxc3 Bxe4 9. Ne5 Bb7 10. Qh5 g6 11. Bb5+ c6 12. Qf3 Qc7 13. Bd3 Bg7 14. Bf4 Qe7
15. Nc4 e5 16. Bxe5 Bxe5 17. dxe5 O-O 18. O-O Nd7 19. Qg3 Rad8 20. f4 Ba6 21.
Nd6 Bxd3 22. Qxd3 Nc5 23. Qg3 f6 24. Nf5 Qd7 25. Nh6+ Kh8 26. exf6 Rxf6 27. Qg5
Rdf8 28. Rad1 Qg7 29. Ng4 Rf5 30. Qh4 Ne4 31. Ne5 Qf6 32. Qh6 Qg7 33. Qh3 Nc5
34. Rf3 R5f6 35. Rdf1 Ne4 36. Rd1 Nc5 37. Qh4 a5 38. Rb1 b5 39. Rd1 Re6 40. Rd8
Ree8 41. Rd6 Re6 42. Rxc6 Rxc6 43. Nxc6 Na4 44. Ne5 Kg8 45. Rd3 Qf6 46. Qxf6
Rxf6 47. g3 Rf8 48. Nc6 Ra8 49. Kf1 Ra6 50. Ne5 Ra8 51. Ke2 Rc8 52. Kd2 Nc5 53.
Re3 Kg7 54. Kc2 Kf6 55. Nf3 Na4 56. Kd2 Nb6 57. Ne5 Rc7 58. Rd3 Ke7 59. Rd4 Ke6
60. h4 Na4 61. Rd3 Nc5 62. Re3 Kf5 63. Nd3 Ne4+ 64. Ke2 Nxc3+ 65. Kf3 Kf6 66.
Nf2 b4 67. axb4 axb4 68. Ng4+ Kg7 69. Nf2 b3 70. Nd3 Na4 71. Nb2 Nxb2 72. Rxb3
Nc4 73. Rd3 Kf6 74. g4 Ke6 75. Rd1 Nd6 76. Re1+ Kf6 77. Re3 h5 78. Rd3 hxg4+
79. Kxg4 Ne4 80. Ra3 Rh7 81. Ra6+ Kg7 82. Ra7+ Kh6 83. Rxh7+ Kxh7 84. h5 Nf6+
85. Kg5 gxh5 86. Kf5 Kh6 87. Kxf6 h4 0-1

[Event "4NCL Online Division 3"]
[Site "online"]
[Date "2020.11.03"]
[Round "6.122"]
[White "Wood, Peter R"]
[Black "Lawrence, Simon"]
[Result "1/2-1/2"]
[WhiteElo "1990"]
[BlackElo "1772"]
[PlyCount "69"]
[EventDate "2020.11.03"]
[WhiteTeam "Catford Cosmonauts 2"]
[BlackTeam "Cork"]

1. e4 c6 2. c4 d5 3. exd5 cxd5 4. cxd5 Qxd5 5. Nc3 Qd8 6. d4 e6 7. Nf3 Nf6 8.
Bc4 Be7 9. O-O O-O 10. Bg5 Nbd7 11. Re1 a6 12. a4 Nb6 13. Ba2 h6 14. Bh4 Nbd5
15. Ne5 Nxc3 16. bxc3 Nd7 17. Bg3 Nxe5 18. Bxe5 Bd6 19. Qd3 Bxe5 20. Rxe5 Bd7
21. Bb1 g6 22. Qg3 Kg7 23. h4 Rc8 24. Be4 Bc6 25. Rxe6 Qc7 26. Qe5+ Qxe5 27.
Rxe5 Bxe4 28. Rxe4 Rxc3 29. Rb1 Rb8 30. a5 Ra3 31. Re5 Ra4 32. Rd5 Ra2 33. g3
Re8 34. Rb3 Ree2 35. Rf3 1/2-1/2

[Event "4NCL Online Division 3"]
[Site "online"]
[Date "2020.11.03"]
[Round "6.123"]
[White "Foran, Barry"]
[Black "Allen, John P"]
[Result "0-1"]
[WhiteElo "1605"]
[BlackElo "1922"]
[PlyCount "150"]
[EventDate "2020.11.03"]
[WhiteTeam "Cork"]
[BlackTeam "Catford Cosmonauts 2"]

1. d4 Nf6 2. Nf3 c5 3. d5 b5 4. Bg5 Ne4 5. Bf4 Qa5+ 6. Nbd2 Bb7 7. a4 bxa4 8.
c4 Nxd2 9. Bxd2 Qb6 10. Bc3 e6 11. e4 f6 12. Bd3 Be7 13. O-O Na6 14. Rxa4 Nb4
15. Bb1 O-O 16. Re1 e5 17. Nh4 Rf7 18. Nf5 Bf8 19. Qg4 g6 20. h4 Bg7 21. Nxg7
Rxg7 22. f4 Re8 23. fxe5 fxe5 24. Bd2 d6 25. Rf1 Bc8 26. Qg3 Na6 27. Bh6 Rge7
28. h5 Qxb2 29. hxg6 Qe2 30. Bd3 Qh5 31. gxh7+ Kxh7 32. Be3 Rg7 33. Qf3 Bg4 34.
Qf6 Nb4 35. Ra3 Nxd3 36. Rxd3 Be2 37. Rf5 Qg6 38. Qxg6+ Rxg6 39. Rd2 Bxc4 40.
Rdf2 a5 41. Rf7+ Rg7 42. Bg5 Rxf7 43. Rxf7+ Kg6 44. Rf5 Bd3 45. Bd2 Bxe4 46.
Rf2 a4 47. Rf1 Bxd5 48. Rd1 Bb3 49. Ra1 d5 50. Rc1 c4 51. Bb4 d4 52. Kf2 e4 53.
Ke2 e3 54. g3 Kg5 55. Rf1 d3+ 56. Kf3 Rf8+ 57. Bxf8 e2 58. Re1 d2 59. Kxe2
dxe1=Q+ 60. Kxe1 c3 61. Ba3 Kg4 62. Kf2 Bd1 63. Bc1 Bf3 64. Ba3 Bd5 65. Bc1 Kf5
66. Ke3 Be4 67. g4+ Ke5 68. Ke2 Kd4 69. g5 Bc2 70. Ba3 Kc4 71. Ke3 Bg6 72. Ke2
Kb3 73. Bc1 a3 74. Bxa3 Kxa3 75. Kd1 Kb2 0-1

[Event "4NCL Online Division 3"]
[Site "online"]
[Date "2020.11.03"]
[Round "6.124"]
[White "Turner, Howard"]
[Black "Ranade, Akshay"]
[Result "1-0"]
[WhiteElo "1930"]
[BlackElo "1192"]
[PlyCount "71"]
[EventDate "2020.11.03"]
[WhiteTeam "Catford Cosmonauts 2"]
[BlackTeam "Cork"]

1. e4 c6 2. Nf3 d5 3. Nc3 Bg4 4. h3 Bxf3 5. Qxf3 e6 6. exd5 cxd5 7. d4 Nc6 8.
Bb5 Nge7 9. Bxc6+ Nxc6 10. Ne2 Be7 11. c3 O-O 12. O-O b5 13. b3 Rc8 14. Be3 a5
15. Rfd1 Qc7 16. Bf4 Qb7 17. Qg3 Bf6 18. Bg5 Bxg5 19. Qxg5 h6 20. Qg3 Ne7 21.
Rac1 Rc6 22. Qd3 Nf5 23. c4 bxc4 24. bxc4 Rfc8 25. c5 Qd7 26. Nf4 Nd6 27. Rb1
Nc4 28. Qg3 f5 29. Nd3 R6c7 30. Ne5 Nxe5 31. Qxe5 Kf7 32. Rb6 Rc6 33. Rdb1 Rxb6
34. Rxb6 Rc6 35. Qb8 Qc7 36. Rb7 1-0

[Event "4NCL Online Division 3"]
[Site "online"]
[Date "2020.11.03"]
[Round "6.132"]
[White "Benkhoucha, Samy"]
[Black "Elwin, Adrian G"]
[Result "1-0"]
[WhiteElo "1615"]
[BlackElo "1982"]
[PlyCount "117"]
[EventDate "2020.11.03"]
[WhiteTeam "Downend 2"]
[BlackTeam "MK Phoenix 2"]

1. e4 c6 2. Nf3 d5 3. Nc3 dxe4 4. Nxe4 Nf6 5. Nxf6+ gxf6 6. d4 Bg4 7. c3 e6 8.
h3 Bh5 9. g4 Bg6 10. Bd3 Bd6 11. Qe2 Nd7 12. h4 Qe7 13. h5 Bxd3 14. Qxd3 e5 15.
Qe4 O-O-O 16. Be3 Qe6 17. a3 Nb6 18. O-O-O Qb3 19. Nd2 Qd5 20. Qf5+ Qe6 21. Qd3
Qxg4 22. Rdg1 Qe6 23. Rg7 h6 24. Ne4 Be7 25. Rhg1 f5 26. Ng3 e4 27. Qd2 Bf8 28.
Ne2 Bxg7 29. Rxg7 Nc4 30. Qe1 Rdg8 31. Qg1 f6 32. Nf4 Qe8 33. Rg6 Rxg6 34. hxg6
Nxe3 35. fxe3 Rg8 36. Qg3 h5 37. Qh3 Kc7 38. Qxf5 Qe7 39. Qxh5 Rg7 40. Qf5 Kb8
41. Nh5 a6 42. Nxg7 Qxg7 43. Qxe4 Ka7 44. Qf5 Kb8 45. e4 Ka7 46. e5 fxe5 47.
dxe5 Kb8 48. Kc2 Qh6 49. Kb3 Qd2 50. Qf8+ Ka7 51. Qc5+ Ka8 52. Qf8+ Ka7 53.
Qc5+ Ka8 54. Qd6 Qf4 55. g7 Qf7+ 56. e6 Qxg7 57. Qd7 Qe5 58. Qd8+ Ka7 59. Qd4+
1-0

[Event "4NCL Online Division 3"]
[Site "online"]
[Date "2020.11.03"]
[Round "6.133"]
[White "Habershon, Paul F"]
[Black "Mackenzie, Jon"]
[Result "1-0"]
[WhiteElo "1977"]
[BlackElo "1450"]
[PlyCount "35"]
[EventDate "2020.11.03"]
[WhiteTeam "MK Phoenix 2"]
[BlackTeam "Downend 2"]

1. e4 c5 2. Nc3 d6 3. f4 Nc6 4. Nf3 Nf6 5. d3 Qb6 6. g3 e5 7. Bg2 Be7 8. O-O
O-O 9. Kh1 exf4 10. Bxf4 Qxb2 11. Qd2 Ng4 12. Nd5 Nge5 13. Rfb1 Qa3 14. Nxe7+
Nxe7 15. Nxe5 Nc6 16. Nxc6 Re8 17. Na5 Be6 18. Nxb7 1-0

[Event "4NCL Online Division 3"]
[Site "online"]
[Date "2020.11.03"]
[Round "6.134"]
[White "Bleeg, Elliott"]
[Black "Whiteside, Robert"]
[Result "1-0"]
[WhiteElo "1217"]
[BlackElo "1792"]
[PlyCount "98"]
[EventDate "2020.11.03"]
[WhiteTeam "Downend 2"]
[BlackTeam "MK Phoenix 2"]

1. e4 e6 2. d4 d5 3. exd5 exd5 4. Nf3 Be6 5. Bf4 Bd6 6. Qd2 Qe7 7. Nc3 Bxf4 8.
Qxf4 c5 9. O-O-O Nc6 10. Ne5 Nxe5 11. Qxe5 cxd4 12. Qxg7 Qf6 13. Qxf6 Nxf6 14.
Rxd4 O-O-O 15. Ne2 Ng4 16. f3 Nf6 17. Nf4 Bf5 18. g4 Be6 19. g5 Ne8 20. Nxe6
fxe6 21. Bh3 Nc7 22. Re1 Rhe8 23. f4 Kb8 24. f5 exf5 25. Rxe8 Rxe8 26. Bxf5 Re5
27. Bxh7 Rxg5 28. Rd2 Na6 29. b3 Nb4 30. a3 Rg1+ 31. Kb2 Nc6 32. Rxd5 Rh1 33.
Rh5 Nd4 34. Be4 Re1 35. Rh8+ Kc7 36. Rh7+ Kb8 37. Rxb7+ Kc8 38. Bd5 Re2 39. Rh7
Rxc2+ 40. Kb1 Kd8 41. h4 Rh2 42. h5 Nf5 43. Be6 Ng3 44. h6 Ke8 45. Rh8+ Ke7 46.
Bc4 Nf5 47. h7 Kf6 48. Rf8+ Kg7 49. Rxf5 Kxh7 1-0

[Event "4NCL Online Division 3"]
[Site "online"]
[Date "2020.11.03"]
[Round "6.141"]
[White "Broom, Mark"]
[Black "Rathbone-Jones, Ifan"]
[Result "1-0"]
[WhiteElo "2117"]
[BlackElo "2095"]
[PlyCount "27"]
[EventDate "2020.11.03"]
[WhiteTeam "Horsham 1"]
[BlackTeam "Fischer's Catch"]

1. c4 e5 2. g3 c6 3. d4 e4 4. d5 cxd5 5. cxd5 Nf6 6. Nc3 Bb4 7. Bg5 d6 8. Qa4+
Nc6 9. dxc6 Bxc3+ 10. bxc3 O-O 11. Bg2 bxc6 12. Bxe4 d5 13. Bg2 Qd6 14. Qf4 1-0

[Event "4NCL Online Division 3"]
[Site "online"]
[Date "2020.11.03"]
[Round "6.142"]
[White "Sivarajasingam, Shayanna"]
[Black "Roberts, David N"]
[Result "1-0"]
[WhiteElo "1952"]
[BlackElo "1982"]
[PlyCount "93"]
[EventDate "2020.11.03"]
[WhiteTeam "Fischer's Catch"]
[BlackTeam "Horsham 1"]

1. e4 c5 2. Nf3 e6 3. c4 Nc6 4. Nc3 a6 5. Be2 Qc7 6. d4 cxd4 7. Nxd4 Nf6 8. O-O
Bb4 9. Nxc6 bxc6 10. Qc2 h5 11. h3 Bb7 12. Be3 c5 13. f3 h4 14. Rfd1 Nh5 15.
Bf1 Ng3 16. Ne2 Qe5 17. Nxg3 Qxg3 18. Qf2 Qxf2+ 19. Kxf2 Rc8 20. Rd3 Rc6 21.
Re1 Bxe1+ 22. Kxe1 f6 23. Rb3 Bc8 24. f4 O-O 25. Bf2 g5 26. fxg5 fxg5 27. Be3
g4 28. hxg4 d5 29. exd5 exd5 30. cxd5 Rcf6 31. Be2 Re8 32. Kd2 Rg6 33. g5 h3
34. gxh3 Bxh3 35. Bh5 Kg7 36. Bxg6 Kxg6 37. Rb6+ Kf5 38. Rxa6 Rd8 39. d6 c4 40.
Kc3 Bf1 41. a4 Rb8 42. d7 Rb3+ 43. Kc2 Bd3+ 44. Kc1 Rb8 45. Rd6 Rd8 46. Bb6 Ke5
47. Rxd3 1-0

[Event "4NCL Online Division 3"]
[Site "online"]
[Date "2020.11.03"]
[Round "6.143"]
[White "Taylor, Alex B"]
[Black "Sivarajasingam, Venetia"]
[Result "1/2-1/2"]
[WhiteElo "1922"]
[BlackElo "2020"]
[PlyCount "63"]
[EventDate "2020.11.03"]
[WhiteTeam "Horsham 1"]
[BlackTeam "Fischer's Catch"]

1. e4 e6 2. d4 d5 3. e5 c5 4. c3 Nc6 5. Nf3 Qb6 6. a3 cxd4 7. cxd4 Nh6 8. b4
Nf5 9. Bb2 Bd7 10. g4 Nfe7 11. Nc3 Ng6 12. Qd2 h5 13. g5 h4 14. Na4 Qd8 15. Bd3
Ncxe5 16. dxe5 Bxa4 17. Bxg6 fxg6 18. Qd3 Kf7 19. O-O Be7 20. Qe3 Bc2 21. Bc1
Rh5 22. h3 Be4 23. Kh2 Kg8 24. Rg1 Qc7 25. Bb2 Rf8 26. Nd2 Bf5 27. Rac1 Qd7 28.
f4 a6 29. Nf3 Be4 30. Nd4 Bd8 31. Ne2 Rh8 32. Bd4 1/2-1/2

[Event "4NCL Online Division 3"]
[Site "online"]
[Date "2020.11.03"]
[Round "6.144"]
[White "Jaberansari, Daniel"]
[Black "Ashby, Nicholas G"]
[Result "0-1"]
[WhiteElo "1652"]
[BlackElo "1862"]
[PlyCount "82"]
[EventDate "2020.11.03"]
[WhiteTeam "Fischer's Catch"]
[BlackTeam "Horsham 1"]

1. e4 b6 2. d4 e6 3. Nc3 Bb7 4. Bd3 Bb4 5. Bd2 Nf6 6. Qe2 c5 7. dxc5 Bxc5 8.
O-O-O Nc6 9. Nf3 Rc8 10. Bg5 h6 11. Bxf6 Qxf6 12. e5 Qe7 13. Ne4 Nb4 14. a3
Nxd3+ 15. Rxd3 Ba6 16. b4 Bxd3 17. Qxd3 Bxb4 18. axb4 O-O 19. Qd2 a5 20. bxa5
Qa3+ 21. Kd1 bxa5 22. Ke2 Qb2 23. Nd4 a4 24. c3 Qb7 25. f3 Ra8 26. Ke3 a3 27.
Ra1 Qb2 28. Qxb2 axb2 29. Rb1 Rfb8 30. Nc2 Kf8 31. Nb4 Ke7 32. Rxb2 f6 33.
exf6+ gxf6 34. Rd2 Ra3 35. Rd3 Rc8 36. Kd2 f5 37. Ng3 d5 38. Ne2 Kf6 39. Ke3 h5
40. Kd4 h4 41. h3 Rc4+ 0-1

[Event "4NCL Online Division 3"]
[Site "online"]
[Date "2020.11.03"]
[Round "6.151"]
[White "Slonczuk, Pawel"]
[Black "Fisher, Neal"]
[Result "0-1"]
[WhiteElo "1667"]
[BlackElo "1750"]
[PlyCount "142"]
[EventDate "2020.11.03"]
[WhiteTeam "Wimbledon 2"]
[BlackTeam "Chessmates"]

1. d4 d5 2. Nf3 Nf6 3. g3 Nc6 4. c4 dxc4 5. Bg2 h6 6. Qa4 Bd7 7. Qxc4 e6 8. O-O
Be7 9. Nc3 a6 10. e4 O-O 11. Qe2 Qc8 12. b3 Rd8 13. Bb2 Be8 14. Rfd1 Bb4 15.
Rac1 Ne7 16. a3 Ba5 17. b4 Bb6 18. Qc2 c6 19. Na4 Ba7 20. Ne5 Nh7 21. Nc4 b5
22. Nab6 Qb7 23. Nxa8 bxc4 24. Qxc4 Rxa8 25. Qc3 Nf6 26. h3 Qb6 27. Kh2 h5 28.
Rc2 Rc8 29. Rcd2 Bb8 30. Qc5 Qd8 31. Qg5 Ng6 32. Qe3 h4 33. Rc1 hxg3+ 34. fxg3
Qb6 35. Rc5 Nd7 36. Ra5 Bc7 37. Qd3 Ra8 38. Bf1 Qb8 39. Rg5 f6 40. Rg4 a5 41.
Qc4 Ndf8 42. Bc3 axb4 43. Bxb4 Bd6 44. Bg2 Bxb4 45. axb4 Ra4 46. Rb2 Qb5 47.
Qb3 Bf7 48. Qc3 e5 49. dxe5 Nxe5 50. Rf4 Qc4 51. Qxc4 Nxc4 52. Rb1 Ra2 53. b5
Ne3 54. Rg1 cxb5 55. Kh1 Ne6 56. Rf3 Nxg2 57. Rxg2 Ra1+ 58. Kh2 b4 59. Rb2 Nd4
60. Rff2 b3 61. Kg2 Bc4 62. Rfd2 Nc2 63. Rd8+ Kf7 64. Rc8 Bf1+ 65. Kf2 Bxh3 66.
Rxb3 Bxc8 67. Rc3 Be6 68. Rxc2 Ra2 69. Rxa2 Bxa2 70. Ke3 Ke6 71. Kf4 g5+ 0-1